|
|
|
|
| LEADER |
00000nam a2200000 a 4500 |
| 001 |
vtls001362485 |
| 003 |
SK-MaSNL |
| 005 |
20260301115113.0 |
| 008 |
251113s1994 au r 0 ger |
| 020 |
|
|
|a 3851651332
|c [1371,00]
|
| 035 |
|
|
|a SNK000316082
|
| 040 |
|
|
|a SNK
|b slo
|c SNK
|e AACR2
|
| 044 |
|
|
|a au
|c AT
|
| 080 |
|
|
|a 930.9(=924)
|2 1981
|
| 100 |
1 |
|
|a Goldschmidt, Hermann Levin,
|d 1914-
|4 aut
|9 459584
|
| 245 |
1 |
0 |
|a Werkausgabe in neun Bänden
|n Werke 3
|p Die Botschaft des Judentums
|c Hermann Levin Goldschmidt
|
| 260 |
|
|
|a Wien
|b Passagen
|c 1994
|
| 300 |
|
|
|a 221 s.
|c 24 cm
|
| 490 |
1 |
|
|a Passagen Philosophie
|
| 500 |
|
|
|a Rozložená tit. strana
|
| 650 |
0 |
7 |
|a dejiny Židov
|2 SNK
|9 83301
|
| 830 |
|
0 |
|a Passagen Philosophie
|9 459585
|
| 919 |
|
|
|a 3-85165-133-2
|
| 999 |
|
|
|c 720952
|d 722882
|
| 952 |
|
|
|t P60, <04>, [BOOK], {604}
|a SNK
|b SNK
|y VYP
|7 0
|p 17A0192395
|o snkIC 127745/3
|i snkV 476/99
|0 0
|1 0
|4 0
|d 1999-05-05
|l 0
|r 2005-01-02 00:00:00
|w 2026-02-23
|